A+ guide to managing and maintaining your PC
Đã lưu trong:
| Tác giả chính: | |
|---|---|
| Định dạng: | Sách |
| Ngôn ngữ: | Undetermined |
| Được phát hành: |
Course Technology
2014
|
| Những chủ đề: | |
| Các nhãn: |
Thêm thẻ
Không có thẻ, Là người đầu tiên thẻ bản ghi này!
|
| Thư viện lưu trữ: | Trung tâm Thư viện - Trường Đại học Công nghiệp TP. Hồ Chí Minh |
|---|
| LEADER | 00520nam a2200157Ia 4500 | ||
|---|---|---|---|
| 001 | UIH_02707 | ||
| 008 | 231011s9999 xx 000 0 und d | ||
| 082 | |a 004.16 | ||
| 100 | |a Andrews, Jean | ||
| 245 | 0 | |a A+ guide to managing and maintaining your PC | |
| 245 | 0 | |c Andrews, Jean | |
| 260 | |b Course Technology | ||
| 260 | |c 2014 | ||
| 650 | |a Máy vi tính; Kỹ thuật viên máy tính; | ||
| 927 | |a Sách | ||
| 980 | |a Trung tâm Thư viện - Trường Đại học Công nghiệp TP. Hồ Chí Minh | ||